| 000 | 00889nam a22002297a 4500 | ||
|---|---|---|---|
| 005 | 20251003092816.0 | ||
| 020 |
_a978019968370 _cTZS.174,928/= |
||
| 040 |
_aMCCL _beng. _eAACR 2nd rev.ed. |
||
| 082 | _a342.06 WAD | ||
| 100 | _aWade,William | ||
| 245 |
_aAdministrative law _c/ Wade,William and Forsyth,Christopher |
||
| 250 | _a11th ed. | ||
| 260 |
_aUk: _bOxford.; _cc 2014. |
||
| 300 |
_aXc,867 p.: _c25 cm. |
||
| 504 | _aIncludes index | ||
| 520 | _aade & Forsyth's 'Administrative Law' is the definitive account of the principles of judicial review and the administrative arrangements of the United Kingdom. Firmly established among the foremost rank of legal textbooks, it stands unparalleled in both scope and detail | ||
| 650 | _aAdministrative law | ||
| 650 | _aRemedies and Liability | ||
| 650 | _aPowers and Jurisdiction | ||
| 700 | _aForsyth,Christopher | ||
| 942 | _cBK | ||
| 999 |
_c11683 _d11683 |
||